[Event "Scandinavian Open 2009"]
[Site "Valby"]
[Date "2009.04.20"]
[Round "4"]
[White "Grandelius, Nils"]
[Black "Brynell, Stellan"]
[Result "1-0"]
[WhiteElo "2491"]
[BlackElo "2463"]
[PlyCount "109"]
[EventDate "2009.04.18"]


1. c4 Nf6 2. d4 e6 3. Nf3 b6 4. g3 Ba6 5. Qc2 Bb4+ 6. Bd2 Be7 7. e4 d5 8. cxd5
Bxf1 9. Kxf1 exd5 10. e5 Ne4 11. Nc3 Nxc3 12. bxc3 c5 13. Kg2 Nc6 14. dxc5 bxc5
15. Rhd1 O-O 16. Bf4 Qd7 17. Rd3 Qe6 18. Rad1 Rfd8 19. Qd2 d4 20. cxd4 Nxd4 21.
Nxd4 Rxd4 22. Rxd4 cxd4 23. Qxd4 Qxa2 24. Qe4 Rf8 25. Rd7 Bc5 26. Be3 Bxe3 27.
Qxe3 a5 28. Qc5 g6 29. Ra7 a4 30. Qd4 a3 31. Qc5 Rd8 32. Rxa3 Qd5+ 33. Qxd5
Rxd5 34. Re3 h5 35. Re2 Kg7 36. f4 Rd3 37. Ra2 Rb3 38. Kh3 Rb7 39. Kh4 Kh6 40.
Ra6 Rb2 41. Kh3 Kg7 42. Ra7 Re2 43. Rb7 Re1 44. Kh4 Re2 45. Kg5 Re3 46. Re7 Re4
47. e6 Rxe6 48. Rxe6 fxe6 49. h3 Kf7 50. Kh6 Kf6 51. g4 h4 52. g5+ Kf5 53. Kg7
Kxf4 54. Kxg6 e5 55. Kf6 1-0

[Event "Scandinavian Open 2009"]
[Site "Valby"]
[Date "2009.04.20"]
[Round "4"]
[White "Haub, Thorsten Michael"]
[Black "Danielsen, Henrik"]
[Result "1/2-1/2"]
[WhiteElo "2448"]
[BlackElo "2482"]
[PlyCount "74"]
[EventDate "2009.04.18"]


1. g3 g6 2. Bg2 Bg7 3. e4 c5 4. d3 Nc6 5. Nf3 d6 6. O-O Bg4 7. h3 Bxf3 8. Qxf3
Nf6 9. Na3 Nd7 10. c3 Rb8 11. Nc2 b5 12. Rd1 b4 13. d4 bxc3 14. bxc3 O-O 15. e5
Rc8 16. exd6 exd6 17. Bf4 cxd4 18. Bxd6 Nce5 19. Qb7 d3 20. Nd4 Nc5 21. Qd5 Re8
22. Nb3 Na4 23. Bxe5 Qxd5 24. Bxd5 Rxe5 25. Rxd3 Rxc3 26. Rad1 Rc7 27. Bf3 Nc3
28. Rd7 Rxd7 29. Rxd7 a5 30. a4 Bf8 31. Bc6 Bb4 32. Kf1 Kf8 33. h4 h5 34. Rd8+
Kg7 35. Rd7 Kf6 36. Ra7 Kg7 37. Rd7 Kf6 1/2-1/2

[Event "Scandinavian Open 2009"]
[Site "Valby"]
[Date "2009.04.20"]
[Round "4"]
[White "Jacobsen, Bo"]
[Black "Thorfinnsson, Bjorn"]
[Result "0-1"]
[WhiteElo "2325"]
[BlackElo "2422"]
[PlyCount "62"]
[EventDate "2009.04.18"]


1. g3 e6 2. Bg2 d5 3. f4 h5 4. Nf3 Be7 5. d3 h4 6. e4 hxg3 7. hxg3 Rxh1+ 8.
Bxh1 Nf6 9. Nc3 dxe4 10. Nxe4 Nxe4 11. dxe4 Qxd1+ 12. Kxd1 b6 13. Be3 Bb7 14.
Ne5 Nd7 15. Nxd7 Kxd7 16. Ke2 Rh8 17. Rd1+ Kc8 18. Bg2 f5 19. Rh1 Rxh1 20. Bxh1
fxe4 21. Bd4 Bf6 22. Ke3 Bd5 23. Bxe4 c5 24. Bxf6 gxf6 25. Bxd5 exd5 26. g4 Kd7
27. g5 Ke6 28. gxf6 Kxf6 29. a4 Kf5 30. b4 a5 31. bxa5 bxa5 0-1

[Event "Scandinavian Open 2009"]
[Site "Valby"]
[Date "2009.04.20"]
[Round "4"]
[White "Pedersen, Daniel Vesterbaek"]
[Black "Sachdev, Tania"]
[Result "1-0"]
[WhiteElo "2251"]
[BlackElo "2423"]
[PlyCount "91"]
[EventDate "2009.04.18"]


1. e4 e5 2. Nf3 Nc6 3. Nc3 Nf6 4. Bb5 Bd6 5. d3 h6 6. a3 O-O 7. O-O a6 8. Bc4
Re8 9. Nd5 Bf8 10. Ne1 Nxd5 11. exd5 Nb8 12. f4 exf4 13. Bxf4 d6 14. d4 Nd7 15.
Bd3 Nf6 16. c4 Bg4 17. Qc2 Qe7 18. Nf3 Qd8 19. Rf2 Be7 20. h3 Bd7 21. g4 Kh8
22. Qd2 Bf8 23. Re1 Rxe1+ 24. Qxe1 g6 25. Qd2 Ng8 26. Bg3 Bg7 27. Bh4 Qc8 28.
Qf4 f5 29. g5 h5 30. c5 Bf8 31. Rc2 Ba4 32. Rc3 Qd7 33. Bf2 Bg7 34. Nh4 Ne7 35.
Qf3 Kh7 36. Rc1 dxc5 37. Rxc5 b6 38. Rc1 Nxd5 39. Be2 Rh8 40. Bd3 Bc6 41. Nxf5
gxf5 42. Rc3 Kg6 43. Rxc6+ Bf6 44. gxf6 Qxc6 45. Qxf5+ Kf7 46. Qg6+ 1-0

[Event "Scandinavian Open 2009"]
[Site "Valby"]
[Date "2009.04.20"]
[Round "4"]
[White "Smith, Axel"]
[Black "Christensen, Stefan"]
[Result "1/2-1/2"]
[WhiteElo "2383"]
[BlackElo "2313"]
[PlyCount "118"]
[EventDate "2009.04.18"]


1. Nf3 Nf6 2. c4 b6 3. g3 Bb7 4. Bg2 e6 5. O-O Be7 6. d4 O-O 7. d5 exd5 8. Nh4
c6 9. cxd5 Nxd5 10. Nf5 Nc7 11. e4 d5 12. Nc3 Bf6 13. exd5 cxd5 14. Bf4 Nba6
15. Re1 Nc5 16. Bd6 Re8 17. Rxe8+ Nxe8 18. Bxc5 bxc5 19. Nxd5 Bxd5 20. Bxd5 Rb8
21. Qh5 Qd7 22. Re1 g6 23. Nh6+ Kg7 24. Qf3 Nd6 25. b3 Re8 26. Rxe8 Qxe8 27.
Ng4 Bd4 28. h4 h5 29. Nh2 Nf5 30. Kg2 Qe1 31. Bc4 Qd2 32. Qe2 Qxe2 33. Bxe2 Kf6
34. Bd3 Bb2 35. Kf3 Ke5 36. Bxf5 Kxf5 37. Ke2 Ke4 38. Nf3 f6 39. Nd2+ Kd4 40.
Nc4 Kc3 41. Ne3 Ba1 42. Nd5+ Kb2 43. Kd3 Kxa2 44. Kc4 Bd4 45. f3 Bf2 46. g4
hxg4 47. fxg4 Bxh4 48. Nf4 g5 49. Nh5 f5 50. gxf5 g4 51. f6 Bxf6 52. Nxf6 g3
53. Ne4 g2 54. Nc3+ Kb2 55. Ne2 Ka3 56. Ng1 a5 57. Nh3 a4 58. bxa4 Kxa4 59.
Kxc5 Kb3 1/2-1/2

[Event "Scandinavian Open 2009"]
[Site "Valby"]
[Date "2009.04.20"]
[Round "4"]
[White "Zdebskaja, Natalia"]
[Black "Semcesen, Daniel"]
[Result "1/2-1/2"]
[WhiteElo "2438"]
[BlackElo "2387"]
[PlyCount "27"]
[EventDate "2009.04.18"]


1. e4 e5 2. Nf3 Nc6 3. Bb5 a6 4. Ba4 Nf6 5. O-O Be7 6. Re1 b5 7. Bb3 d6 8. c3
O-O 9. h3 h6 10. d4 Re8 11. Nbd2 Bf8 12. d5 Ne7 13. Nf1 Ng6 14. a4 1/2-1/2

[Event "Scandinavian Open 2009"]
[Site "Valby"]
[Date "2009.04.21"]
[Round "5"]
[White "Brynell, Stellan"]
[Black "Bekker Jensen, Simon"]
[Result "1/2-1/2"]
[WhiteElo "2463"]
[BlackElo "2411"]
[PlyCount "99"]
[EventDate "2009.04.18"]


1. d4 Nf6 2. c4 g6 3. g3 c6 4. Bg2 d5 5. cxd5 cxd5 6. Nc3 Bg7 7. Nf3 O-O 8. Ne5
e6 9. Bg5 Qb6 10. Qd2 Nfd7 11. Nf3 Nc6 12. Rd1 Nf6 13. O-O Ne4 14. Nxe4 dxe4
15. Ne5 Nxd4 16. Qxd4 Qxd4 17. Rxd4 Bxe5 18. Rxe4 Bxb2 19. Rb1 Bc3 20. Rb3 Bg7
21. Rc4 Be5 22. f4 Bd6 23. Rd3 Bb8 24. Rxc8 Rxc8 25. Bxb7 Bc7 26. Kg2 Bb6 27.
Bf6 h5 28. Bxa8 Rxa8 29. h3 Kf8 30. Rd7 Rb8 31. g4 hxg4 32. hxg4 Ke8 33. Re7+
Kf8 34. Rd7 Ke8 35. Re7+ Kf8 36. g5 Rc8 37. Rb7 Ke8 38. Re7+ Kf8 39. Rb7 Ke8
40. Kf3 Rc7 41. Rb8+ Kd7 42. Be5 Rc2 43. Rb7+ Ke8 44. Rb8+ Kd7 45. Rb7+ Ke8 46.
a3 Rc6 47. Bf6 Rc7 48. Rb8+ Kd7 49. Be5 Rc6 50. Rb7+ 1/2-1/2

[Event "Scandinavian Open 2009"]
[Site "Valby"]
[Date "2009.04.21"]
[Round "5"]
[White "Christensen, Stefan"]
[Black "Tikkanen, Hans"]
[Result "0-1"]
[WhiteElo "2313"]
[BlackElo "2425"]
[PlyCount "96"]
[EventDate "2009.04.18"]


1. e4 e5 2. Nf3 Nc6 3. Bb5 a6 4. Ba4 Nf6 5. d3 b5 6. Bb3 Be7 7. O-O O-O 8. Re1
d6 9. c3 Na5 10. Bc2 c5 11. Nbd2 Nc6 12. Nf1 Re8 13. Ne3 Bf8 14. Bb3 Na5 15.
Bd5 Nxd5 16. Nxd5 h6 17. b4 Nc6 18. a4 Rb8 19. axb5 axb5 20. Nd2 cxb4 21. cxb4
Ne7 22. Nxe7+ Rxe7 23. Nb3 d5 24. exd5 Qxd5 25. Nc5 Rc7 26. Be3 Rc6 27. f3 Bf5
28. d4 e4 29. fxe4 Bxe4 30. Nxe4 Qxe4 31. Bf2 Qg6 32. d5 Rc4 33. Bg3 Rd8 34. d6
Bxd6 35. Bxd6 Rxd6 36. Re8+ Kh7 37. Qf3 Rdc6 38. Qe3 Rc2 39. g3 Rd6 40. Rc1 Rd3
41. Qf4 Qb6+ 42. Kf1 Rxc1+ 43. Qxc1 Rf3+ 44. Kg2 Rf2+ 45. Kh3 Qb7 46. Re5 Qg2+
47. Kg4 Qf3+ 48. Kh3 f5 0-1

[Event "Scandinavian Open 2009"]
[Site "Valby"]
[Date "2009.04.21"]
[Round "5"]
[White "Danielsen, Henrik"]
[Black "Grabarczyk, Miroslaw"]
[Result "0-1"]
[WhiteElo "2482"]
[BlackElo "2469"]
[PlyCount "71"]
[EventDate "2009.04.18"]


1. g3 g6 2. f4 d5 3. Bg2 c6 4. d3 Bg7 5. c3 Nf6 6. Qc2 Nbd7 7. Nh3 e5 8. Nf2
O-O 9. O-O exf4 10. Bxf4 Qe7 11. Nd2 Nh5 12. e4 dxe4 13. Nfxe4 Nxf4 14. gxf4
Nc5 15. Rae1 Bf5 16. Ng3 Qd7 17. Nde4 Rae8 18. Nxf5 Qxf5 19. Qf2 Nxe4 20. Bxe4
Qg4+ 21. Kh1 f5 22. Bf3 Qh3 23. d4 Kh8 24. Qg3 Qh6 25. Rxe8 Rxe8 26. Re1 Rxe1+
27. Qxe1 Bf8 28. Qe8 Qg7 29. Kg2 Qe7 30. Qb8 Qd6 31. Qc8 Kg8 32. Qxb7 Qxf4 33.
Qxc6 Bd6 34. h4 Kg7 35. h5 Qd2+ 36. Kf1 0-1

[Event "Scandinavian Open 2009"]
[Site "Valby"]
[Date "2009.04.21"]
[Round "5"]
[White "Drozdovskij, Yuri"]
[Black "Grandelius, Nils"]
[Result "1-0"]
[WhiteElo "2603"]
[BlackElo "2491"]
[PlyCount "75"]
[EventDate "2009.04.18"]


1. d4 Nf6 2. c4 g6 3. Nc3 d5 4. Nf3 Bg7 5. Bf4 O-O 6. e3 c5 7. dxc5 Qa5 8. Rc1
dxc4 9. Bxc4 Qxc5 10. Bb3 Nc6 11. O-O Qa5 12. h3 Bf5 13. Qe2 Ne4 14. Nxe4 Bxe4
15. Rfd1 Rad8 16. Rxd8 Rxd8 17. Bxf7+ Kxf7 18. Ng5+ Kg8 19. Nxe4 Qxa2 20. Kh2
a5 21. Qb5 Qd5 22. Qxb7 Qxe4 23. Rxc6 Bf6 24. f3 Qd5 25. Qb6 a4 26. Rc5 Qd3 27.
Rc7 Qf5 28. Ra7 Rd2 29. Qb8+ Kg7 30. e4 Qc5 31. Ra8 g5 32. Qg8+ Kh6 33. Bxd2
Qd6+ 34. f4 Qxd2 35. fxg5+ Bxg5 36. Ra6+ Bf6 37. e5 Qf4+ 38. Qg3 1-0

[Event "Scandinavian Open 2009"]
[Site "Valby"]
[Date "2009.04.21"]
[Round "5"]
[White "Hoi, Carsten"]
[Black "Zdebskaja, Natalia"]
[Result "1-0"]
[WhiteElo "2387"]
[BlackElo "2438"]
[PlyCount "69"]
[EventDate "2009.04.18"]


1. d4 Nf6 2. c4 e6 3. Nc3 Bb4 4. e3 c5 5. Nge2 cxd4 6. exd4 O-O 7. a3 Be7 8.
Nf4 d5 9. Be3 Nc6 10. cxd5 exd5 11. Bd3 Qd6 12. O-O Rd8 13. Re1 Bf8 14. Qf3 Bg4
15. Qg3 Ne7 16. h3 Bf5 17. Qf3 g6 18. g4 Bxd3 19. Nxd3 Nd7 20. Bg5 Nc6 21. Nb5
Qb8 22. Bxd8 Qxd8 23. Qxd5 Nf6 24. Qxd8 Rxd8 25. Ne5 a6 26. Nxc6 bxc6 27. Nc3
Rxd4 28. Rad1 c5 29. Rxd4 cxd4 30. Ne2 d3 31. Nc3 d2 32. Rd1 Bh6 33. Kf1 Bg5
34. Nb1 Ne4 35. f3 1-0

[Event "Scandinavian Open 2009"]
[Site "Valby"]
[Date "2009.04.21"]
[Round "5"]
[White "Lund, Silas"]
[Black "Haub, Thorsten Michael"]
[Result "0-1"]
[WhiteElo "2430"]
[BlackElo "2448"]
[PlyCount "70"]
[EventDate "2009.04.18"]


1. d4 g6 2. e4 Bg7 3. c4 d6 4. Nc3 a6 5. Be2 e6 6. f4 Ne7 7. Nf3 Nd7 8. O-O O-O
9. Be3 b6 10. Qd2 Nf6 11. Kh1 d5 12. e5 Ne4 13. Nxe4 dxe4 14. Ng5 Bb7 15. Rfd1
h6 16. Nh3 Nf5 17. Bg4 Qh4 18. Bxf5 gxf5 19. Qf2 Qxf2 20. Nxf2 Rad8 21. b4 f6
22. Kg1 Rf7 23. Kf1 Rfd7 24. Rab1 Bf8 25. a3 Bc6 26. Ke1 Kf7 27. exf6 Kxf6 28.
Rd2 Bg7 29. b5 axb5 30. cxb5 Bd5 31. Rc2 Ra8 32. Rc3 Bf8 33. Bc1 Kf7 34. Bb2
Ra5 35. Rbc1 Bd6 0-1

[Event "Scandinavian Open 2009"]
[Site "Valby"]
[Date "2009.04.21"]
[Round "5"]
[White "Semcesen, Daniel"]
[Black "Pedersen, Daniel Vesterbaek"]
[Result "1-0"]
[WhiteElo "2387"]
[BlackElo "2251"]
[PlyCount "55"]
[EventDate "2009.04.18"]


1. c4 e6 2. Nc3 d5 3. d4 Nf6 4. Bg5 Bb4 5. Qa4+ Nc6 6. e3 h6 7. cxd5 exd5 8.
Bh4 g5 9. Bg3 Ne4 10. Bb5 Bxc3+ 11. bxc3 Bd7 12. Qb3 O-O 13. Ne2 Na5 14. Qxd5
Nxg3 15. hxg3 c6 16. Qd6 Be6 17. Qe5 cxb5 18. Rxh6 f6 19. Qxe6+ Kg7 20. Nf4
Kxh6 21. Qh3+ Kg7 22. Ne6+ Kg6 23. Nxd8 Rfxd8 24. Ke2 Rh8 25. Qd7 Rac8 26. Qxb5
b6 27. Rc1 Nc4 28. g4 1-0

[Event "Scandinavian Open 2009"]
[Site "Valby"]
[Date "2009.04.21"]
[Round "5"]
[White "Sisatto, Olli"]
[Black "Jacobsen, Bo"]
[Result "1-0"]
[WhiteElo "2286"]
[BlackElo "2325"]
[PlyCount "43"]
[EventDate "2009.04.18"]


1. e4 e5 2. Nf3 Nc6 3. Nc3 Nf6 4. Be2 Be7 5. d4 d6 6. h3 O-O 7. O-O Re8 8. b3
Bf8 9. Bb2 Bd7 10. dxe5 dxe5 11. a3 Bc5 12. b4 Bd6 13. Bc4 a6 14. Qd3 Ne7 15.
Bxf7+ Kxf7 16. Qc4+ Kg6 17. Nh4+ Kg5 18. Qf7 Nh5 19. Bc1+ Nf4 20. Qxg7+ Neg6
21. Nf3+ Kh5 22. Qxh7# 1-0

[Event "Scandinavian Open 2009"]
[Site "Valby"]
[Date "2009.04.21"]
[Round "5"]
[White "Sachdev, Tania"]
[Black "Smith, Axel"]
[Result "1-0"]
[WhiteElo "2423"]
[BlackElo "2383"]
[PlyCount "111"]
[EventDate "2009.04.18"]


1. d4 Nf6 2. c4 g6 3. Nc3 d5 4. Bg5 Ne4 5. Bh4 Nxc3 6. bxc3 dxc4 7. e3 Be6 8.
Be2 c6 9. Nf3 Bh6 10. O-O Nd7 11. a4 Qa5 12. Qc1 Bg7 13. Nd2 g5 14. Bg3 h5 15.
h3 h4 16. Bh2 Nb6 17. Qa3 f5 18. Bc7 g4 19. Bxb6 Qxb6 20. Bxc4 Bxc4 21. Nxc4
Qc7 22. Qc5 Qd7 23. hxg4 fxg4 24. Qg5 Bf6 25. Qg6+ Kd8 26. Ne5 Bxe5 27. dxe5
Kc7 28. Rfd1 Qe8 29. Qxg4 Rd8 30. Rxd8 Qxd8 31. Rd1 Rg8 32. Qh5 Rh8 33. Qe2 Qg8
34. Qd3 Qe6 35. Qd4 b6 36. a5 h3 37. g3 c5 38. axb6+ axb6 39. Qa4 h2+ 40. Kh1
Qc6+ 41. Qxc6+ Kxc6 42. g4 b5 43. g5 b4 44. c4 Rh5 45. f4 Rh3 46. Rd2 e6 47. e4
b3 48. g6 Rg3 49. f5 Rg5 50. Kxh2 exf5 51. e6 fxe4 52. e7 Rh5+ 53. Kg3 Re5 54.
g7 e3 55. g8=Q exd2 56. e8=Q+ 1-0

[Event "Scandinavian Open 2009"]
[Site "Valby"]
[Date "2009.04.22"]
[Round "6"]
[White "Bejtovic, Jasmin"]
[Black "Christensen, Stefan"]
[Result "1-0"]
[WhiteElo "2306"]
[BlackElo "2313"]
[PlyCount "71"]
[EventDate "2009.04.18"]


1. e4 e6 2. d4 d5 3. Nc3 Bb4 4. e5 c5 5. a3 Bxc3+ 6. bxc3 Ne7 7. Nf3 Qa5 8. Qd2
b6 9. a4 Ba6 10. Bd3 Nbc6 11. Ba3 Bxd3 12. Qxd3 cxd4 13. Nxd4 Nxd4 14. Qxd4 Nc6
15. Qd3 d4 16. O-O Qxc3 17. Qa6 Na5 18. Qb5+ Qc6 19. Qd3 O-O-O 20. Bb4 Nc4 21.
c3 Nxe5 22. Qg3 Ng6 23. cxd4 Rxd4 24. Rfc1 Rc4 25. Rxc4 Qxc4 26. Bd6 Rd8 27. a5
Qd4 28. Rc1+ Kb7 29. a6+ Ka8 30. h4 Nxh4 31. Be7 Rb8 32. Bxh4 Qe4 33. Qc7 f6
34. Bg3 e5 35. Rd1 b5 36. Rd8 1-0

[Event "Scandinavian Open 2009"]
[Site "Valby"]
[Date "2009.04.22"]
[Round "6"]
[White "Bekker Jensen, Simon"]
[Black "Sachdev, Tania"]
[Result "1-0"]
[WhiteElo "2411"]
[BlackElo "2423"]
[PlyCount "93"]
[EventDate "2009.04.18"]


1. c4 Nf6 2. d4 e6 3. Nc3 Bb4 4. e3 O-O 5. Nge2 d5 6. a3 Be7 7. cxd5 exd5 8. b4
c6 9. Ng3 Re8 10. Bd3 Nbd7 11. O-O Nb6 12. f3 a5 13. Rb1 Bd6 14. Nce2 axb4 15.
axb4 h5 16. Re1 h4 17. Nf1 Ra4 18. Bd2 Bd7 19. Qc2 Qe7 20. e4 dxe4 21. fxe4
Bxb4 22. Nc3 Raa8 23. Nd5 cxd5 24. Bxb4 Qe6 25. e5 Ne4 26. Ne3 Rec8 27. Qe2 h3
28. Nxd5 Nxd5 29. Qxe4 g6 30. Bd2 Ra2 31. Re2 Rxd2 32. Rxd2 Nc3 33. Qxb7 Nxb1
34. Qxb1 Qg4 35. Be4 Qf4 36. Qe1 Rc4 37. g3 Qg4 38. Kf2 Bf5 39. Bf3 Qg5 40. Qe3
Qd8 41. d5 Qa5 42. e6 Rc3 43. Qd4 fxe6 44. d6 Rc4 45. Qe3 Rc8 46. g4 Rc2 47.
Rxc2 1-0

[Event "Scandinavian Open 2009"]
[Site "Valby"]
[Date "2009.04.22"]
[Round "6"]
[White "Brynell, Stellan"]
[Black "Hoi, Carsten"]
[Result "1/2-1/2"]
[WhiteElo "2463"]
[BlackElo "2387"]
[PlyCount "70"]
[EventDate "2009.04.18"]


1. e4 d6 2. d4 Nf6 3. Nc3 g6 4. Nf3 Bg7 5. Be2 O-O 6. O-O Bg4 7. Bg5 Nc6 8. d5
Bxf3 9. Bxf3 Ne5 10. Be2 c6 11. dxc6 bxc6 12. Qd2 Rb8 13. b3 Qc7 14. Rad1 Rfd8
15. h3 Ned7 16. Rfe1 Qa5 17. Bf1 Qb4 18. Na4 a5 19. Qc1 Qb7 20. Qd2 Qb4 21. c3
Qb7 22. c4 Ra8 23. c5 Nf8 24. cxd6 exd6 25. Qc2 Ne6 26. Be3 d5 27. exd5 Nxd5
28. Bc4 Nxe3 29. Rxe3 Nd4 30. Qe4 Qb4 31. Rde1 Nf5 32. a3 Qxa3 33. Rf3 Qb4 34.
Rc1 Kh8 35. Qe1 Ra7 1/2-1/2

[Event "Scandinavian Open 2009"]
[Site "Valby"]
[Date "2009.04.22"]
[Round "6"]
[White "Grandelius, Nils"]
[Black "Tikkanen, Hans"]
[Result "1/2-1/2"]
[WhiteElo "2491"]
[BlackElo "2425"]
[PlyCount "101"]
[EventDate "2009.04.18"]


1. e4 e5 2. Nf3 Nc6 3. Bb5 a6 4. Ba4 Nf6 5. O-O Be7 6. Re1 b5 7. Bb3 d6 8. c3
O-O 9. d4 exd4 10. cxd4 Bg4 11. Be3 d5 12. e5 Ne4 13. Nc3 Nxc3 14. bxc3 Qd7 15.
h3 Bh5 16. g4 Bg6 17. Bg5 Ba3 18. Nh4 Na5 19. Nxg6 fxg6 20. e6 Qc6 21. e7 Rfe8
22. Re5 Nc4 23. Qf3 h6 24. Bh4 g5 25. Bg3 Rxe7 26. Rxd5 Rf8 27. Qg2 Bb2 28. Rd1
Bxc3 29. Rc5 Qxg2+ 30. Kxg2 Rd8 31. Bxc4+ bxc4 32. Rxc4 Ba5 33. Rc6 Red7 34.
Rxa6 Bb6 35. a4 Bxd4 36. a5 c5 37. Rc6 Ra8 38. Rxc5 Bxc5 39. Rxd7 Rxa5 40. Rd5
Bb6 41. Rxa5 Bxa5 42. h4 gxh4 43. Bxh4 Kf7 44. Kf3 g5 45. Bg3 Kg6 46. Ke4 h5
47. gxh5+ Kxh5 48. f3 g4 49. Kf4 Bc7+ 50. Ke3 gxf3 51. Bd6 1/2-1/2

[Event "Scandinavian Open 2009"]
[Site "Valby"]
[Date "2009.04.22"]
[Round "6"]
[White "Haub, Thorsten Michael"]
[Black "Semcesen, Daniel"]
[Result "1/2-1/2"]
[WhiteElo "2448"]
[BlackElo "2387"]
[PlyCount "34"]
[EventDate "2009.04.18"]


1. Nf3 b6 2. g3 Bb7 3. Bg2 f5 4. d3 Nf6 5. O-O e6 6. e4 fxe4 7. Nfd2 Nc6 8.
dxe4 e5 9. Nc3 Be7 10. Nd5 O-O 11. c3 d6 12. Nxe7+ Qxe7 13. Nc4 Ba6 14. Qa4 Nb8
15. Qb4 Nc6 16. Qa4 Nb8 17. Qb4 Nc6 1/2-1/2

[Event "Scandinavian Open 2009"]
[Site "Valby"]
[Date "2009.04.22"]
[Round "6"]
[White "Jacobsen, Bo"]
[Black "Zdebskaja, Natalia"]
[Result "1/2-1/2"]
[WhiteElo "2325"]
[BlackElo "2438"]
[PlyCount "121"]
[EventDate "2009.04.18"]


1. c4 e5 2. Nc3 Nc6 3. g3 Bc5 4. Bg2 Nf6 5. a3 a6 6. e3 d6 7. Nge2 Ba7 8. O-O
O-O 9. b4 Re8 10. d3 Ne7 11. Bb2 c6 12. d4 Ng6 13. d5 e4 14. Qc2 Qe7 15. Rad1
h5 16. h3 Bf5 17. Nd4 Bxd4 18. Rxd4 c5 19. bxc5 dxc5 20. Rd2 Ne5 21. Ne2 Nfd7
22. Nf4 Qg5 23. h4 Qh6 24. Kh1 b5 25. cxb5 axb5 26. d6 Nd3 27. Nxd3 exd3 28.
Qb3 Ra6 29. Qxb5 Rxd6 30. Re1 Rb8 31. Qa5 Rdb6 32. Bc1 Rb5 33. Qc7 Rb1 34. Kh2
Qa6 35. Bd5 Rc8 36. Qf4 Be6 37. Bxe6 fxe6 38. Rb2 Rxb2 39. Bxb2 Rf8 40. Qc7
Rxf2+ 41. Kg1 Rxb2 42. Qxd7 Qa8 43. e4 Qb8 44. Qxe6+ Kh8 45. Qg6 Qe5 46. Rf1
Rb8 47. Rf5 Rb1+ 48. Rf1 Rxf1+ 49. Kxf1 c4 50. Qf5 Qe8 51. Qd5 Qf8+ 52. Ke1
Qxa3 53. Qxh5+ Kg8 54. Qd5+ Kh8 55. Qxc4 Qa5+ 56. Kf1 Qa1+ 57. Kf2 d2 58. Qc8+
Kh7 59. Qf5+ Kg8 60. Qd5+ Kh7 61. Qxd2 1/2-1/2

[Event "Scandinavian Open 2009"]
[Site "Valby"]
[Date "2009.04.22"]
[Round "6"]
[White "Pedersen, Daniel Vesterbaek"]
[Black "Lund, Silas"]
[Result "1/2-1/2"]
[WhiteElo "2251"]
[BlackElo "2430"]
[PlyCount "91"]
[EventDate "2009.04.18"]


1. e4 e5 2. Nf3 Nc6 3. Nc3 Nf6 4. g3 Bc5 5. Bg2 d6 6. d3 a6 7. O-O Be6 8. h3 h6
9. Be3 Bxe3 10. fxe3 Qd7 11. Kh2 d5 12. exd5 Nxd5 13. Nxd5 Bxd5 14. Nd2 Bxg2
15. Kxg2 O-O 16. e4 Rae8 17. Rf2 Nd4 18. b3 b5 19. a4 Qc6 20. axb5 axb5 21. Rc1
b4 22. Kh2 Qc5 23. Qf1 Ra8 24. Nf3 Ra2 25. Nxd4 Qxd4 26. Re1 f6 27. h4 Rfa8 28.
h5 Rb2 29. Ree2 Qd7 30. Qh3 Qxh3+ 31. Kxh3 Kf7 32. Kg2 Raa2 33. Kf3 Ra1 34. Ke3
c5 35. Kf3 Rc1 36. Kg4 Ke6 37. Kf3 Rbb1 38. Kg4 Rh1 39. Rh2 Rxh2 40. Rxh2 Rf1
41. Kh3 f5 42. Kg2 Rc1 43. exf5+ Kxf5 44. Kf3 Rf1+ 45. Ke2 Rg1 46. Kf3 1/2-1/2

[Event "Scandinavian Open 2009"]
[Site "Valby"]
[Date "2009.04.22"]
[Round "6"]
[White "Thorfinnsson, Bjorn"]
[Black "Danielsen, Henrik"]
[Result "0-1"]
[WhiteElo "2422"]
[BlackElo "2482"]
[PlyCount "58"]
[EventDate "2009.04.18"]


1. d4 d6 2. e4 Nf6 3. Bd3 e5 4. dxe5 dxe5 5. Nf3 Bc5 6. Bb5+ Nbd7 7. Nxe5 c6 8.
Nxd7 Bxd7 9. Bd3 Ng4 10. Rf1 Nxh2 11. b4 Bxb4+ 12. c3 Bc5 13. Qh5 Bg4 14. Qxh2
Qxd3 15. Qe5+ Be7 16. f3 Be6 17. Kf2 O-O-O 18. Be3 Bh4+ 19. g3 Be7 20. Qa5 Qc2+
21. Kg1 Rd1 22. Na3 Qe2 23. Raxd1 Qxe3+ 24. Rf2 Bc5 25. Rdf1 Bh3 26. Nc4 Qg5
27. Nd6+ Kb8 28. Nf5 b6 29. Rb1 Bxf2+ 0-1

[Event "Scandinavian Open 2009"]
[Site "Valby"]
[Date "2009.04.22"]
[Round "7"]
[White "Christensen, Stefan"]
[Black "Jacobsen, Bo"]
[Result "0-1"]
[WhiteElo "2313"]
[BlackElo "2325"]
[PlyCount "60"]
[EventDate "2009.04.18"]


1. e4 e5 2. Nf3 Nc6 3. Bb5 Nf6 4. d3 d6 5. c3 Be7 6. O-O O-O 7. Re1 Bd7 8. Nbd2
Re8 9. Nf1 h6 10. Ng3 Bf8 11. Nh4 d5 12. exd5 Nxd5 13. Nhf5 Qf6 14. Qf3 Be6 15.
c4 Ndb4 16. Nxh6+ Kh7 17. Qxf6 gxf6 18. Re4 Kg6 19. Bxc6 Nxc6 20. Ng4 Bg7 21.
Ne3 f5 22. Rh4 f4 23. Nd5 fxg3 24. Nxc7 gxf2+ 25. Kxf2 Rh8 26. Rxh8 Rxh8 27.
Nxe6 fxe6 28. h3 Rd8 29. Ke2 Nd4+ 30. Kd1 e4 0-1

[Event "Scandinavian Open 2009"]
[Site "Valby"]
[Date "2009.04.22"]
[Round "7"]
[White "Danielsen, Henrik"]
[Black "Grandelius, Nils"]
[Result "0-1"]
[WhiteElo "2482"]
[BlackElo "2491"]
[PlyCount "94"]
[EventDate "2009.04.18"]


1. Nf3 Nf6 2. g3 g6 3. b3 Bg7 4. Bb2 O-O 5. Bg2 d5 6. c4 c6 7. d3 Nbd7 8. Nbd2
Re8 9. O-O e5 10. cxd5 cxd5 11. e4 dxe4 12. Nxe4 Nxe4 13. dxe4 b6 14. Qd5 Ba6
15. Rfd1 Nc5 16. Qxd8 Raxd8 17. Rxd8 Rxd8 18. Bxe5 Nxe4 19. Bxg7 Kxg7 20. Ne5
Nc3 21. Nc6 Rd2 22. a3 Ne2+ 23. Kh1 Nd4 24. Nxd4 Rxd4 25. Bc6 Rd3 26. b4 Bc4
27. Kg2 Be6 28. Bb5 Rb3 29. Be2 Kf6 30. Kf1 Ke5 31. Bd1 Rb2 32. Ke1 Kd4 33. Rc1
Ra2 34. a4 Bc4 35. b5 h6 36. h4 g5 37. hxg5 hxg5 38. g4 Ra3 39. Kd2 Rd3+ 40.
Ke1 Rh3 41. Kd2 Rd3+ 42. Ke1 Rh3 43. Kd2 Rh1 44. Rb1 Rf1 45. f3 Rf2+ 46. Kc1
Kc3 47. Ra1 Ba2 0-1

[Event "Scandinavian Open 2009"]
[Site "Valby"]
[Date "2009.04.22"]
[Round "7"]
[White "Drozdovskij, Yuri"]
[Black "Semcesen, Daniel"]
[Result "1-0"]
[WhiteElo "2603"]
[BlackElo "2387"]
[PlyCount "59"]
[EventDate "2009.04.18"]


1. c4 b6 2. Nc3 Bb7 3. e4 e6 4. Nf3 Bb4 5. Bd3 Ne7 6. O-O O-O 7. a3 Bxc3 8.
dxc3 d6 9. Re1 Nd7 10. Nd2 Ng6 11. Bc2 a5 12. a4 Nc5 13. Nf1 e5 14. f3 Ne7 15.
Ne3 Bc8 16. Nd5 Be6 17. Bg5 f6 18. Bh4 Kh8 19. b4 Nd7 20. Qd2 Ng6 21. Bf2 Qc8
22. Red1 Rd8 23. h4 Ngf8 24. Rab1 Bf7 25. Bb3 Qb7 26. Qa2 h5 27. c5 dxc5 28.
Ne7 Ng6 29. Bxf7 Nxe7 30. Qe6 1-0

[Event "Scandinavian Open 2009"]
[Site "Valby"]
[Date "2009.04.22"]
[Round "7"]
[White "Grabarczyk, Miroslaw"]
[Black "Haub, Thorsten Michael"]
[Result "1/2-1/2"]
[WhiteElo "2469"]
[BlackElo "2448"]
[PlyCount "71"]
[EventDate "2009.04.18"]


1. d4 e6 2. c4 f5 3. g3 Nf6 4. Bg2 Be7 5. Nf3 O-O 6. O-O Ne4 7. Nbd2 Bf6 8. Qc2
d5 9. Ne5 c5 10. cxd5 Nxd2 11. Bxd2 cxd4 12. f4 Qb6 13. Qb3 Bxe5 14. fxe5 Nd7
15. Bb4 Re8 16. Bd6 Nc5 17. Qxb6 axb6 18. Bc7 exd5 19. Bxb6 Ne4 20. Bxd4 Be6
21. Rfc1 Rec8 22. a3 Kf7 23. Kf1 Bd7 24. Ke1 Ke6 25. e3 Bb5 26. Bf3 Ng5 27. Bd1
Nf7 28. a4 Bc4 29. Ra3 Nxe5 30. Kd2 g5 31. Rac3 Nc6 32. b3 Ba6 33. Bf3 Rd8 34.
Rc5 Rd6 35. R5c3 Rg8 36. Re1 1/2-1/2

[Event "Scandinavian Open 2009"]
[Site "Valby"]
[Date "2009.04.22"]
[Round "7"]
[White "Hoi, Carsten"]
[Black "Pedersen, Daniel Vesterbaek"]
[Result "1-0"]
[WhiteElo "2387"]
[BlackElo "2251"]
[PlyCount "27"]
[EventDate "2009.04.18"]


1. c4 e6 2. d4 d5 3. Nc3 Nf6 4. Bg5 Bb4 5. e3 c5 6. Rc1 cxd4 7. exd4 O-O 8.
cxd5 exd5 9. Bd3 h6 10. Bh4 Re8+ 11. Nge2 g5 12. Bg3 Ne4 13. O-O f5 14. Nxd5
1-0